Návrh grafickej aplikácie pre analýzu stability lineárnych systémov
Enregistré dans:
| Auteur principal: | |
|---|---|
| Autres auteurs: | |
| Format: | Manuscrit Livre |
| Langue: | slovaque |
| Publié: |
Bratislava :
STU v Bratislave FEI,
2025
|
| Sujets: | |
| Accès en ligne: | https://opac.crzp.sk/?fn=detailBiblioFormChildCCH0S&sid=BA75C2D62745AD5727E8939ED92F&seo=CRZP-detail-kniha |
| Tags: |
Pas de tags, Soyez le premier à ajouter un tag!
|
MARC
| LEADER | 00000ntm a22000003a 4500 | ||
|---|---|---|---|
| 001 | stuzp102189 | ||
| 003 | SK-STU | ||
| 005 | 20260210130018.2 | ||
| 007 | ta | ||
| 008 | 150427s2015----xo-----f-mn---000-0-slo-d | ||
| 040 | |a STU |b slo | ||
| 041 | 0 | |a slo | |
| 044 | |a xo | ||
| 100 | 1 | |a Valkovič, Miroslav |u 031000 |4 aut |U FEI Fakulta elektrotechniky a informatiky |T FEI Ústav robotiky a kybernetiky |X 116703 |U E011 |Y 356 |7 116703 | |
| 242 | 0 | 1 | |a Design of Graphical Application for Stability Analysis of Linear Systems |y eng |
| 245 | 1 | 0 | |a Návrh grafickej aplikácie pre analýzu stability lineárnych systémov |
| 260 | |a Bratislava : |b STU v Bratislave FEI, |c 2025 | ||
| 300 | |a 96 s. | ||
| 650 | 4 | |a stabilita systému |2 slo | |
| 650 | 4 | |a Bodeho kritérium |2 slo | |
| 650 | 4 | |a Nyquistovo kritérium |2 slo | |
| 650 | 4 | |a Routh-Hurwitzova tabuľka |2 slo | |
| 650 | 4 | |a MATLAB |2 slo | |
| 650 | 4 | |a grafická aplikácia |2 slo | |
| 650 | 4 | |a lineárne systémy |2 slo | |
| 650 | 4 | |a automatické riadenie |2 slo | |
| 650 | 4 | |a system stability |2 eng | |
| 650 | 4 | |a Bode criterion |2 eng | |
| 650 | 4 | |a Nyquist criterion |2 eng | |
| 650 | 4 | |a Routh-Hurwitz table |2 eng | |
| 650 | 4 | |a MATLAB |2 eng | |
| 650 | 4 | |a graphical application |2 eng | |
| 650 | 4 | |a linear systems |2 eng | |
| 650 | 4 | |a automatic control |2 eng | |
| 700 | 1 | |a Okienková, Kristína |u 031000 |k Z3 |4 ths |U FEI Fakulta elektrotechniky a informatiky |T FEI Ústav robotiky a kybernetiky |X 92618 |U E011 |Y 356 |7 92618 | |
| 856 | 4 | |u https://opac.crzp.sk/?fn=detailBiblioFormChildCCH0S&sid=BA75C2D62745AD5727E8939ED92F&seo=CRZP-detail-kniha | |